000 00602cam a2200205 4500500
005 20260329004500.0
041 _afre
042 _adc
100 1 0 _aEnjalbert, Cédric
_eauthor
245 0 0 _aL’imaginaire malade
260 _c2020.
500 _a14
690 _aJalousie
690 _aJulie Duclos
690 _aMaurice Maeterlinck
690 _aNicolas Grimaldi
690 _aThéâtre
786 0 _nPhilosophie magazine | 136 | 2 | 2020-02-01 | p. 69-69 | 1951-1787
856 4 1 _uhttps://shs.cairn.info/magazine-philosophie-magazine-2020-2-page-69?lang=fr&redirect-ssocas=7080
999 _c1834344
_d1834344